| 000 | 005230000a22001810004500 | ||
|---|---|---|---|
| 090 |
_aAR _b03266 |
||
| 245 | 1 | 0 | _aIllicit crops and bird conservation priorities in Colombia |
| 650 | 1 | 4 |
_aDeforestación _9266 |
| 650 | 1 | 4 |
_aCultivos ilícitos _9348 |
| 650 | 1 | 4 |
_aAnálisis geográfico _910581 |
| 650 | 1 | 4 |
_aAves _992429 |
| 650 | 1 | 4 |
_aEndemismo _948559 |
| 651 | 4 |
_pColombia _992749 |
|
| 041 | 0 | _aInglés | |
| 100 | 1 |
_aÁlvarez, María D. _996853 |
|
| 942 | _cARTICULO | ||
| 773 | 1 |
_tConservation Biology _h4 _q1086-1096 _d2002 _g16 |
|
| 999 |
_c12318 _d12318 |
||